01321nam a22003497a 4500003000500000005001700005008004100022010001000063011001000073020001500083035001100098040000900109082001800118245013300136260002700269300003100296490002500327590004100352590004100393590004100434590004200475650003900517650003900556710008700595830003200682901000700714911001500721942001000736949007000746999001700816952013800833CHAP20220329143452.0091123s2003 fr r 00010 eng d a97120 a98092 a9264100261 a108772 cCHAP04a658.4038bM4600aMeasuring knowledge management in the business sector :bfirst stepsc/by Organisation for Economic Co-operation and Development aParís :bOECD,c2003 a219 p. :bgráfs., tablas 0aKnowledge management aBATCH-UPDb10c20130110lUCH01h1147 aBATCH-UPDb10c20130410lUCH01h0732 aBATCH-UPDb10c20130913lUCH01h1950 aCONVERSIONb10c20130109lUCH01h135414aAdministración de empresas.992214aConocimiento, Teoría del.9272320 aOrganización para la Cooperación y el Desarrollo Económicos. París.983559 0aKnowledge management963551 aBK aen proceso cLIBRO a658.4038 M46bBCcLIBROd33724002124892eLIBROh111326i108772sb c97120d97120 00102ddc4052708GRALaBCbBCcPP_GRALd2019-12-31fLIBROl0o658.4038 M46p33724002124892r2019-12-31 00:00:00w2019-12-31yLIBRO